000 00717nam a2200289Ia 4500
005 20260324134855.0
008 008 260324s9999 xx 000 0 eng d
020 _a9781315247816
037 _aEBOOK
040 _aCRL
040 _beng
040 _cCRL
041 _2eng
041 _aeng
084 _qCRL
100 _aWilliam J. Astore
_91198478
245 0 _aObserving God
245 0 _bThomas Dick, Evangelicalism, and Popular Science in Victorian Britain and America
260 _bTaylor and Francis
260 _c2001
365 _a
365 _b145
856 _uhttp://www.taylorfrancis.com/books/9781315247816
942 _cEBOOK
999 _c1798993
_d1798993